Catalog

Record Details

Catalog Search



The lost fairy tales. #2 / Anna James ; ... Read More

Escobar, Paola,(illustrator.).
Series: Pages & Co. ; 2

Available copies

  • 2 of 3 copies available at LARL/NWRL Consortium.
  • 2 of 2 copies available at Northwest Regional Library. (Show)

Current holds

0 current holds with 3 total copies.

Show Only Available Copies
Location Call Number / Copy Notes Barcode Shelving Location Status Due Date
Hallock Public Library j JAM (Text) 35500006765455 Main Available -
Warroad Public Library j JAM (Text) 35500006283905 Main Available -
Breckenridge Public Library J JAM (Text) 33500013250345 Main Checked out 07/16/2026

Record details

  • ISBN: 9781984837295
  • ISBN: 198483729X
  • ISBN: 9781984837318
  • Physical Description: 284 pages : illustrations ; 22 cm.
  • Edition: U.S. edition.
  • Publisher: New York : Philomel Books, 2020.

Content descriptions

General Note:
"First published as Tilly and the Lost Fairy Tales in Great Britain by HarperCollins Children's ... Read More
Summary, etc.:
When eleven-year-old Tilly Pages joins Oskar and ... Read More
Target Audience Note:
Ages 8-12. Philomel Books.
Grades 4-6. Philomel Books.
Subject: Books and reading > Juvenile fiction.
Characters in literature > Fiction.
Bookstores > Fiction.
Magic > Fiction.
Grandparents > Fiction.
Missing persons > Fiction.
Paris (France) > Fiction.
France > Fiction.
Books and reading.
Genre: Fiction.
Juvenile works.
LDR 01981cam a22005298i 4500
001346290
003LARL_NWRL_CONSORTIUM
00520200528161512.0
008191213s2020 nyu c 000 1 eng
010 . ‡a 2019056886
040 . ‡aDLC ‡beng ‡erda ‡cDLC ‡dOCLCO ‡dORX ‡dDLC ‡dOCLCF
020 . ‡a9781984837295 ‡q(hardcover)
020 . ‡a198483729X
020 . ‡a9781984837318
020 . ‡z9781984837301 ‡q(ebk)
035 . ‡a(OCoLC)1131869335
042 . ‡apcc ‡alcac
08200. ‡a[Fic] ‡223
1001 . ‡aJames, Anna ‡q(Anna Lois), ‡eauthor.
24010. ‡aTilly and the lost fairy tales
24514. ‡aThe lost fairy tales. ‡n#2 / ‡cAnna James ; illustrated by Paola Escobar.
250 . ‡aU.S. edition.
264 1. ‡aNew York : ‡bPhilomel Books, ‡c2020.
300 . ‡a284 pages : ‡billustrations ; ‡c22 cm.
336 . ‡atext ‡btxt ‡2rdacontent
337 . ‡aunmediated ‡bn ‡2rdamedia
338 . ‡avolume ‡bnc ‡2rdacarrier
4900 . ‡aPages & Co. ; ‡v2
500 . ‡a"First published as Tilly and the Lost Fairy Tales in Great Britain by HarperCollins Children's Books in 2019."
5211 . ‡aAges 8-12. ‡bPhilomel Books.
5212 . ‡aGrades 4-6. ‡bPhilomel Books.
520 . ‡aWhen eleven-year-old Tilly Pages joins Oskar and his family on a Christmas trip to Paris, she and her friend bookwander into the land of fairy tales, where someone--or something--is causing chaos.
650 0. ‡aBooks and reading ‡vJuvenile fiction. ‡0(LARL_NWRL_CONSORTIUM)170937
650 1. ‡aCharacters in literature ‡vFiction.
650 1. ‡aBookstores ‡vFiction.
650 1. ‡aMagic ‡vFiction. ‡0(LARL_NWRL_CONSORTIUM)165984
650 1. ‡aGrandparents ‡vFiction. ‡0(LARL_NWRL_CONSORTIUM)165525
650 1. ‡aMissing persons ‡vFiction. ‡0(LARL_NWRL_CONSORTIUM)165976
651 1. ‡aParis (France) ‡vFiction. ‡0(LARL_NWRL_CONSORTIUM)166700
651 1. ‡aFrance ‡vFiction. ‡0(LARL_NWRL_CONSORTIUM)164962
650 7. ‡aBooks and reading. ‡2fast ‡0(LARL_NWRL_CONSORTIUM)15264
655 7. ‡aFiction. ‡2fast
655 7. ‡aJuvenile works. ‡2fast
7001 . ‡aEscobar, Paola, ‡eillustrator.
905 . ‡uvanderl
901 . ‡a346290 ‡b ‡c346290 ‡tbiblio ‡soclc

Additional Resources